5HLuxD.jpg

KING HENRY VIII SENIOR AND PRIMARY SCHOOL LIBRARY OPAC

It's okay to be different / (Record no. 2172)

000 -LEADER
fixed length control field 01074cam a2200289 a 4500
001 - CONTROL NUMBER
control field 1002934
003 - CONTROL NUMBER IDENTIFIER
control field OSt
005 - DATE AND TIME OF LATEST TRANSACTION
control field 20230320114043.0
008 - FIXED-LENGTH DATA ELEMENTS--GENERAL INFORMATION
fixed length control field 120403r20092001nyua j 000 1 eng
020 ## - INTERNATIONAL STANDARD BOOK NUMBER
International Standard Book Number 9780316043472 (pbk.) :
035 ## - SYSTEM CONTROL NUMBER
System control number LIB-BW-101-008
040 ## - CATALOGING SOURCE
Original cataloging agency BTCTA
Transcribing agency BTCTA
Modifying agency WEA
-- YDXCP
-- MTU
-- KH8
042 ## - AUTHENTICATION CODE
Authentication code nbic
082 ## - DEWEY DECIMAL CLASSIFICATION NUMBER
Classification number 155.22 PAR
100 1# - MAIN ENTRY--PERSONAL NAME
Personal name Parr, Todd.
Relator term author
245 10 - TITLE STATEMENT
Title It's okay to be different /
Statement of responsibility, etc. Todd Parr.
246 3# - VARYING FORM OF TITLE
Title proper/short title It is okay to be different.
250 ## - EDITION STATEMENT
Edition statement 1st pbk. ed.
260 ## - PUBLICATION, DISTRIBUTION, ETC.
Place of publication, distribution, etc. New York :
Name of publisher, distributor, etc. Little, Brown,
Date of publication, distribution, etc. 2009, c2001.
300 ## - PHYSICAL DESCRIPTION
Extent 1 v. (unpaged) :
Other physical details col. ill. ;
Dimensions 25 cm.
500 ## - GENERAL NOTE
General note Originally published: Boston : Little, Brown, c2001.
500 ## - GENERAL NOTE
General note Megan Tingley books.
520 ## - SUMMARY, ETC.
Summary, etc. Illustrations and brief text describe all kinds of differences that are okay, such as It's okay to be a different color, It's okay to need some help, It's okay to be adopted, and It's okay to have a different nose.
650 #0 - SUBJECT ADDED ENTRY--TOPICAL TERM
Topical term or geographic name entry element Self-esteem
Form subdivision Fiction.
650 #0 - SUBJECT ADDED ENTRY--TOPICAL TERM
Topical term or geographic name entry element Individuality
Form subdivision Problems, exercises, etc.
942 ## - ADDED ENTRY ELEMENTS (KOHA)
Source of classification or shelving scheme
Koha item type Books - Non Ficton
Holdings
Withdrawn status Lost status Source of classification or shelving scheme Damaged status Not for loan Collection code Permanent Location Current Location Shelving location Date acquired Total Checkouts Full call number Barcode Date last seen Date last checked out Price effective from Koha item type
          Non-Fiction KH8 Primary School Library KH8 Primary School Library Non Fiction 2023-03-20 7 155.22 PAR KHPL000003909 2025-12-05 2023-10-06 2023-03-20 Books - Non Ficton

Powered By KH8 IT Dept